000171654 001__ 171654
000171654 005__ 20260527123126.0
000171654 0247_ $$2doi$$a10.3390/membranes16030081
000171654 0248_ $$2sideral$$a149360
000171654 037__ $$aART-2026-149360
000171654 041__ $$aeng
000171654 100__ $$0(orcid)0000-0002-5926-5252$$aRenda, Simona$$uUniversidad de Zaragoza
000171654 245__ $$aMembrane Distillation and Other Membrane-Related Applications for Water Cleaning and Desalination
000171654 260__ $$c2026
000171654 5060_ $$aAccess copy available to the general public$$fUnrestricted
000171654 5203_ $$aThe increasing demand for clean and safe water across the globe represents one of the most pressing challenges of modern society [...]
000171654 540__ $$9info:eu-repo/semantics/openAccess$$aby$$uhttps://creativecommons.org/licenses/by/4.0/deed.es
000171654 655_4 $$ainfo:eu-repo/semantics/other$$vinfo:eu-repo/semantics/publishedVersion
000171654 7102_ $$15005$$2555$$aUniversidad de Zaragoza$$bDpto. Ing.Quím.Tecnol.Med.Amb.$$cÁrea Ingeniería Química
000171654 773__ $$g16, 3 (2026), 81 [3 pp.]$$pMembranes$$tMembranes$$x2077-0375
000171654 8564_ $$s230955$$uhttps://zaguan.unizar.es/record/171654/files/texto_completo.pdf$$yVersión publicada
000171654 8564_ $$s2357039$$uhttps://zaguan.unizar.es/record/171654/files/texto_completo.jpg?subformat=icon$$xicon$$yVersión publicada
000171654 909CO $$ooai:zaguan.unizar.es:171654$$particulos$$pdriver
000171654 951__ $$a2026-05-27-11:25:51
000171654 980__ $$aARTICLE